Vlastnosti modelu rovinného kontinua vytvořeného pravouhlými nebo rovnostrannými trojuhelníkovými prvky

Bibliographic Details
Main Author: Brepta, Rudolf, 1922-2003 (Author)
Format: Article
Language:Slovak
Czech
PhysicalDescription:Grafy 12. Sch. 6. Res. rus., angl., lit. 5 zázn. v češ.
Subjects:

MARC

LEADER 00000nab a2200000 a 4500
001 vtls000235549
003 SK-MaSNL
005 20260304233843.0
008 250422c1985 xo 0 slo
015 |a SNBRB19rr/mm-uuuuu 
035 |a CL0245663 
035 |a urn:nbn:sk:snk-abbf70 
035 |a (urnnbn)urn:nbn:sk:snk:ar-a09sdb 
035 |a (uuid)ae1ac9cb-0ac6-4a97-b29c-59e0220d6a26 
040 |a SNKBUCL  |b slo  |c SNKBUCL  |e AACR2 
041 0 |a cze 
044 |a xo  |c SK 
080 |a 534.13  |2 1981 
100 1 |a Brepta, Rudolf,  |d 1922-2003  |4 aut  |9 286405 
245 1 0 |a Vlastnosti modelu rovinného kontinua vytvořeného pravouhlými nebo rovnostrannými trojuhelníkovými prvky  |c R. Brepta 
300 |b Grafy 12. Sch. 6. Res. rus., angl., lit. 5 zázn. v češ. 
650 0 7 |a oblasti rovinné  |2 snkbucl  |9 1349117 
650 0 7 |a kontinuum rovinné  |2 snkbucl  |9 1570056 
655 7 |a články z novín a časopisov  |2 snkbucl  |9 267496 
773 0 |t Strojnícky časopis  |g Roč. 36, č. 4-5 (1985), s. 440-454 
850 |a Slovenská národná knižnica 
852 |a Slovenská národná knižnica 
958 |a article15 
958 |a OND 
958 |a NB 
958 |a RK 
958 |a CZ 
958 |a EUIPO 
992 |a RBX 
999 |c 3200464  |d 3202394